The Luxembourg Common Agricultural Policy reform agreement: Irish dairy farmers development options (Record no. 74649)

MARC details
000 -LEADER
fixed length control field 01597cab a2200289 4500
001 - CONTROL NUMBER
control field ABS68577
008 - FIXED-LENGTH DATA ELEMENTS--GENERAL INFORMATION
fixed length control field 041203n2004 000 0 eng u
035 ## - SYSTEM CONTROL NUMBER
System control number (Sirsi) u128200
100 ## - MAIN ENTRY--PERSONAL NAME
Personal name Shalloo, L.
245 #4 - TITLE STATEMENT
Title The Luxembourg Common Agricultural Policy reform agreement: Irish dairy farmers development options
260 ## - PUBLICATION, DISTRIBUTION, ETC.
Date of publication, distribution, etc. 2004
490 ## - SERIES STATEMENT
Series statement Farm Management
Volume/sequential designation 12(2) October 2004, 91-104(14)
520 ## - SUMMARY, ETC.
Summary, etc. Ireland has enjoyed relatively high milk prices due to the support system of the Common Agricultural Policy (CAP) but decoupling may change that. A stochastic whole farm simulation model was used to simulate business performances and financial risk of a typical specialist dairy farm in Ireland over the period 2004 to 2013 for eight investment and management strategies. Projected prices and costs were included along with changes in dairy policy arising from the 2003 Luxembourg CAP reform agreement. Dairy farmers that opt to remain static can expect a large reduction in income (-30% in real terms). Expansion using low cost animal housing or use of existing buildings (eg conversion of beef accommodation) offers the greatest scope for increased income and cash flow. References. [Taken from journal abstract].
590 ## - LOCAL NOTE (RLIN)
Local note ABS
650 ## - SUBJECT ADDED ENTRY--TOPICAL TERM
Topical term or geographic name entry element MILK PRICES
650 ## - SUBJECT ADDED ENTRY--TOPICAL TERM
Topical term or geographic name entry element MILK INDUSTRY
650 ## - SUBJECT ADDED ENTRY--TOPICAL TERM
Topical term or geographic name entry element CAP REFORM
650 ## - SUBJECT ADDED ENTRY--TOPICAL TERM
Topical term or geographic name entry element FARM SUBSIDIES
650 ## - SUBJECT ADDED ENTRY--TOPICAL TERM
Topical term or geographic name entry element DECOUPLING
650 ## - SUBJECT ADDED ENTRY--TOPICAL TERM
Topical term or geographic name entry element COMMON AGRICULTURAL POLICY
650 ## - SUBJECT ADDED ENTRY--TOPICAL TERM
Topical term or geographic name entry element IRELAND
690 ## - LOCAL SUBJECT ADDED ENTRY--TOPICAL TERM (OCLC, RLIN)
Topical term or geographic name as entry element RURAL-FARM BUSINESS MANAGEMENT
700 ## - ADDED ENTRY--PERSONAL NAME
Personal name Dillon, P.
700 ## - ADDED ENTRY--PERSONAL NAME
Personal name Rath, M.
700 ## - ADDED ENTRY--PERSONAL NAME
Personal name Wallace, M.
942 ## - ADDED ENTRY ELEMENTS (KOHA)
Suppress in OPAC 0
Holdings
Withdrawn status Lost status Source of classification or shelving scheme Damaged status Not for loan Home library Current library Shelving location Date acquired Total Checkouts Full call number Barcode Date last seen Copy number Price effective from Koha item type
    Dewey Decimal Classification     London London Journal article 03/12/2004   ABS68577 128200-1001 06/08/2019 1 06/08/2019 Journal article